000 00310pam a2200121 a 4500
020 _a81-87495-14-6
_c
041 _h
082 _a658
_bAIMA
100 _a,
245 _aTOOLS FOR CORPORATE TRANSFORMATION
_hTextual Documents
260 _aNEW DELHI
_bAMEXCEL PUBLISHERS PRIVATE LIMITED
_c1999
930 _a10594
999 _c130039
_d130039